000 00542nam a2200217Ia 4500
003 OSt
005 20220918192447.0
006 a|||||r|||| 00| 0
007 ta
008 220917b |||||||| |||| 00| 0 eng d
024 _a68,467
037 _cTextual
040 _aARTS
_cARTS
_beng
041 _2eng
_aeng
082 _aR3xN11:9z7, L3-;1
100 _aBerlin Isaiah
_920140
245 0 _aEssays on J L Austin
260 _c1973
942 _hR3xN11:9z7, L3-;1
_cTEXL
_2CC
999 _c194638
_d194638